|
|
|
|
| LEADER |
00000naa2a2200000 4500 |
| 001 |
189084 |
| 005 |
20231220120713.0 |
| 035 |
|
|
|a (RuTPU)RU\TPU\book\205387
|
| 090 |
|
|
|a 189084
|
| 100 |
|
|
|a 20101220d2010 k y0rusy50 ca
|
| 101 |
0 |
|
|a rus
|
| 102 |
|
|
|a RU
|
| 200 |
1 |
|
|a Причины образования неблагоприятных структур при обработке давлением малоуглеродистой стали и их влияние на качество готовых изделий
|f Д. В. Валуев, В. И. Данилов
|
| 320 |
|
|
|a Библиогр.: 12 назв.
|
| 463 |
|
0 |
|0 (RuTPU)RU\TPU\book\199146
|y 978-5-98298-642-9
|t Инновационные технологии и экономика в машиностроении
|o сборник трудов Международной научно-практической конференции с элементами научной школы для молодых ученых, 20-21 мая 2010 г. г. Юрга
|f Национальный исследовательский Томский политехнический университет (ТПУ), Юргинский технологический институт (ЮТИ); под ред. Д. А. Чинахова
|v С. 135-140
|d 2010
|p 577 с.
|
| 610 |
1 |
|
|a малоуглеродистые стали
|
| 610 |
1 |
|
|a обработка давлением
|
| 610 |
1 |
|
|a качество
|
| 610 |
1 |
|
|a электронно-микроскопические исследования
|
| 610 |
1 |
|
|a труды учёных ТПУ
|
| 700 |
|
1 |
|a Валуев
|b Д. В.
|c специалист в области металлообработки
|c доцент Юргинского технологического института (филиала) Томского политехнического университета, кандидат технических наук
|f 1980-
|g Денис Викторович
|3 (RuTPU)RU\TPU\pers\27414
|9 12734
|
| 701 |
|
1 |
|a Данилов
|b В. И.
|c физик
|c профессор Юргинского технологического института (филиала) Томского политехнического университета, доктор физико-математических наук
|f 1947-
|g Владимир Иванович
|3 (RuTPU)RU\TPU\pers\24230
|9 10717
|
| 801 |
|
1 |
|a RU
|b 63413507
|c 20101220
|
| 942 |
|
|
|c BK
|